Country Quiz: Ghana 🇬🇭 - Statistics

General Stats
  • This quiz has been taken 28 times
  • The average score is 19 of 28
Answer Stats
Hint Answer % Correct
Time zones 1 (UTC 0)
95%
Capital Accra
95%
Main Religion Christianity
91%
Cote d'Ivoire
91%
Language English
91%
Between 1821-1950s, this country ruled Ghana, until its independence United Kingdom
91%
National Sport Football
86%
Nationality Ghanaian
86%
Togo
86%
Bordering Countries Burkina Faso
82%
Bordering Gulf Gulf of Guinea
82%
Second-Largest City Kumasi
82%
In 1482, this country became the first to arrive in Ghana and established trade with the locals Portugal
82%
Independence 1957
77%
Bordering Oceans Atlantic ocean
77%
Currency Cedi
73%
Climate Tropical
68%
Second-biggest ______ producer, behind its neighbour Cocoa
64%
Main Export (goods) Gold
55%
Founding Father Kwame Nkrumah
50%
During the 17th century, these three countries would hold respective rule over Ghana's land Netherlands
45%
National Animal Tawny Eagle
41%
Denmark
36%
Sweden
36%
State-Condition Republic
32%
Main River Volta river
32%
Most Famous Leader (1979 and 1981-2000) Jerry Rawlings
18%
Type of Government Presidential / Unitary
18%
No matching quizzes found
Score Distribution
Percent of People with Each Score
Percentile by Number Answered
Your Score History
You have not taken this quiz